000 00828cam a22002412 4500
001 0000000509
005 20151217151750.0
008 070206s xx 000 0 eng d
020 _a9966410074 :
_cKES 120
040 _aKABU
_cKABU
050 0 _aDT433.545
_b.M33K58
100 1 _aKituyi, Mukhisa.
_@0000148718
245 1 0 _aBecoming Kenyans :
_bsocio-economic transformation of the pastoral Maasai /
_cMukhisa Kituyi; foreword by Paul T. W. Baxter.
260 _aNairobi :
_bActs Press,
_c1990.
300 _axvi, 251 p.
600 1 0 _aMasai (African people)
_@0000148719
650 0 _aHerders
_zKenya.
_@0000148720
651 0 _aKenya
_xSocial conditions.
_@0000148721
651 0 _aKenya
_xEconomic conditions.
_@0000148722
908 _a070206
950 _@1
999 _c4794
_d4794